Visualizzazione normale
Vista MARC
- Brown
di Personal Name
Records bibliografici associati: 1
001 - CONTROL NUMBER
- control field: 22836
003 - CONTROL NUMBER IDENTIFIER
- control field: IT-RoPau
005 - DATE AND TIME OF LATEST TRANSACTION
- control field: 20140429115724.0
008 - FIXED-LENGTH DATA ELEMENTS
- fixed length control field: 140429|| aca||aabn | a|a d
040 ## - CATALOGING SOURCE
- Original cataloging agency: IT-RoPau
- Transcribing agency: IT-RoPau
100 ## - HEADING--PERSONAL NAME
- Personal name: Brown
- Miscellaneous information: Codice autore SPICS: 20445
- Relator term: Autore musica
- Name of part/section of a work: Sunshine of Your Love
670 ## - SOURCE DATA FOUND
- Source citation: Work cat.: (IT-RoPau)102887: Hendrix Jimi 2655, Live At Winterland (The Jimy Hendrix Experience) Lp 833 004-1